000 00343cam a2200145ua 4500
041 _aeng
_h
082 _a828.09
_bMUI/ES
100 _aMuir, Edwin .
245 _aEstate of poetry /
_cEdwin Muir.
_hTextual Documents
260 _aLondon :
_bHogarth Press ,
_c1962.
300 _a118 ; .
504 _a
942 _cBK
999 _c8577
_d8577